000 01230nam a2200313 c 4500
999 _c389501
_d389501
003 BLK
005 20240831130555.0
008 180410b bul|||||r ||||||| ||bul||
010 _aKNG00170312000
020 _a9789542824077
040 _aBLK
041 _aBUL
_cBUL
080 _aАмериканска литература (на САЩ)
_b821.111(73)
_x-31
_z821.111(73)-31
100 1 _aШоу, Ъруин
_eпърви автор
_9242605
139 _aШоу, Ъруин
_bШ 88
245 1 0 _aМладите лъвове
_bРоман
_cЪруин Шоу; прев. от англ. Бистра Винарова; прев. от англ. Юрий Генов.
257 _aUSA
260 _aСофия
_bСиела Норма
_c2017
_9217021
_n978-954-28-
300 _a736с.
_c21 см
380 _aX
500 _a1. изд. 1983 на ОФ. - Ориг. загл.: The young lions / Irwin Shaw
700 1 _aВинарова, Бистра Младенова
_9319829
700 1 _aГенов, Юрий
_eпрев. от англ.
_9330852
856 4 _qpdf
_i0.00
_ldisable
856 4 _qpdf
_i0.00
_ldisable
942 _cKNG
_n0
_s1
_02
944 _aCR
_c2020-09-30
_k30550
_lКети Илиева
999 _d389501